[Event "RUS-chT Rapid Men 2018"]
[Site "Sochi"]
[Date "2018.10.08"]
[Round "5"]
[White "Dubov, Daniil"]
[Black "Artemiev, Vladislav"]
[Result "0-1"]
[WhiteElo "2703"]
[BlackElo "2706"]
[Annotator "TA"]
[PlyCount "98"]
[EventDate "2018.10.05"]
[EventType "swiss"]
[EventCountry "RUS"]
[SourceTitle "playchess.com"]
[Source "ChessBase"]
[SourceQuality "1"]

{[%evp 13,98,38,36,29,45,39,45,40,35,48,47,18,8,11,29,0,17,7,9,8,13,0,38,38,38,38,38,38,39,36,36,37,34,30,36,31,41,37,39,37,38,16,50,22,37,28,72,70,94,33,47,31,45,39,59,23,72,32,89,41,50,0,0,-20,-20,-23,-23,-23,-16,-47,-54,-56,-51,-44,-55,-41,-39,-40,-41,-43,-47,-118,-139,-145,-56,-744,-709]} 1. e4 c5 2. Nc3 a6 3. Nf3 d6 4. d4 cxd4 5. Nxd4 Nf6 6. Be3 Ng4 7. Bg5 h6 8. Bc1 {B90: Sicilian Najdorf: Unusual White 6th moves, 6 Be3 Ng4 and 6 Be3 e5} Nc6 (8... Nf6 9. Bd3 Nc6 10. Nxc6 bxc6 11. O-O e6 12. Na4 d5 13. Qe2 Be7 14. c4 Bb7 15. e5 Nd7 {0-1 (45) Grischuk,A (2766)-Duda,J (2737) chess.com INT 2018}) 9. Nxc6 bxc6 10. Be2 {White is slightly better.} Nf6 11. O-O e5 12. Bc4 Be7 13. Qd3 O-O 14. b3 $146 ({Predecessor:} 14. a4 a5 15. b3 Be6 16. Bxe6 fxe6 {½-½ (54) Hladecek,M (2275)-Nevole,M (2238) Czechia 2003}) 14... Qc7 15. Qg3 Nh5 16. Qf3 Nf6 17. Be3 Be6 18. Bxe6 fxe6 19. Qh3 Qd7 20. Na4 {[%cal Bc3a4,Ba4b2,Bb2d3][%mdl 32] Threatens to win with Nb6.} Bd8 21. f3 Bc7 22. Rad1 Qf7 23. Rde1 Nh5 24. g3 Kh7 25. Nb2 Qg6 26. Qg2 Nf6 27. Nd3 Rab8 28. Rd1 Ba5 29. Kh1 Bc3 30. Bd2 Bd4 31. c3 (31. Bb4 $16 c5 32. Ba5) 31... Bb6 $14 32. Bc1 a5 33. Ba3 c5 34. c4 Bc7 35. Rde1 Nh5 ({Better is} 35... Nd7 $14) 36. Re2 Rf7 37. f4 exf4 38. gxf4 Qxg2+ 39. Kxg2 a4 40. bxa4 Ra8 41. e5 Rxa4 42. exd6 Rxa3 43. dxc7 Rxc7 44. Ne5 Rca7 45. Rff2 g5 46. fxg5 hxg5 {White must now prevent ...Nf4+.} 47. Rd2 (47. Kf1 $1 $15) 47... Nf4+ $17 48. Kf1 {[#]} Rc3 (48... Re3 $1 $17 {[%cal Re3e5]} 49. Nc6 Ra4 50. Rd7+ Kg6) 49. Rc2 $2 {[%mdl 8192] [#]} (49. Rd1 $15) 49... Rxa2 $1 {[%mdl 512] Precision: White = 40%, Black = 54%.} 0-1

[Event "RUS-chT Rapid Men 2018"]
[Site "Sochi"]
[Date "2018.10.08"]
[Round "5"]
[White "Kamsky, Gata"]
[Black "Savchenko, Boris"]
[Result "1-0"]
[WhiteElo "2666"]
[BlackElo "2562"]
[Annotator "TA"]
[PlyCount "81"]
[EventDate "2018.10.05"]
[EventType "swiss"]
[EventCountry "RUS"]
[SourceTitle "playchess.com"]
[Source "ChessBase"]
[SourceQuality "1"]

{[%evp 15,81,-8,-6,-6,0,-1,11,8,0,-21,-12,-22,17,0,13,16,11,11,20,24,34,34,54,62,108,109,125,128,147,143,164,155,202,195,197,197,203,130,259,238,248,242,230,160,314,316,322,322,299,278,329,329,329,320,443,387,440,428,843,846,826,692,1188,1149,1133,1105,1411,1379]} 1. d4 Nf6 2. Nf3 e6 3. Bf4 d5 4. Nbd2 c5 5. e3 Nc6 6. c3 Bd6 7. Bg3 O-O 8. Bd3 b6 9. Qe2 {D02: 1 d4 d5 2 Nf3 sidelines, including 2...Nf6 3 g3 and 2...Nf6 3 Bf4} (9. e4 Be7 10. e5 Nh5 11. Nf1 cxd4 12. Nxd4 Nxd4 13. cxd4 g6 14. Ne3 f5 15. exf6 Bxf6 16. Be2 Nxg3 17. hxg3 {½-½ (37) Nakamura,H (2787)-Svidler,P (2760) Moscow 2018}) 9... Bb7 10. Rd1 Re8 11. e4 {[#] Threatens to win with e5.The position is equal.} Be7 12. e5 Nh5 13. a3 g6 14. O-O f5 {And now ...f4 would win.} 15. exf6 Bxf6 16. Bb5 $36 {[%mdl 2048] White is pushing.} Nxg3 17. hxg3 Qd6 $146 ({Predecessor:} 17... cxd4 18. cxd4 {1-0 (52) Furfine,J (2324)-Sinha,S (2227) Charlotte 2017}) 18. Bxc6 Qxc6 19. Ne5 Qa4 20. Qe3 cxd4 21. cxd4 Ba6 {aiming for ...Bxe5.} 22. Rfe1 Rac8 23. Ndf3 Rc2 24. Rc1 Rxc1 25. Rxc1 {Strongly threatening Ng4.} Rc8 26. Re1 Re8 (26... Qe8 $16) 27. g4 $18 {[%cal Bg3g4,Bg4g5,Bg5h6][%mdl 32]} Qc2 28. g5 Bg7 29. Ng4 Qe4 $2 {[#]} (29... Qc7 $16 30. Nf6+ Bxf6 31. gxf6 Qf7) 30. Nh6+ $1 ({Less strong is} 30. Qxe4 dxe4 31. Nfe5 (31. Rxe4 Bb7 $11) 31... Rf8 $14) 30... Bxh6 31. gxh6 Qxe3 32. Rxe3 {[%mdl 4096] Endgame KRB-KRN} Bb5 33. Rc3 Re7 34. Ne5 Kf8 35. Rc8+ Be8 36. g4 {[%cal Bg2g4,Bg4g5][%mdl 32] White is clearly winning.} g5 (36... b5 $142 37. g5 a5) 37. Kg2 Rb7 38. Kg3 Ke7 39. f4 gxf4+ 40. Kxf4 a5 41. g5 {Precision: White = 92%, Black = 26%.} 1-0

[Event "RUS-chT Rapid Men 2018"]
[Site "Sochi"]
[Date "2018.10.08"]
[Round "5"]
[White "Motylev, Alexander"]
[Black "Usmanov, Vasily"]
[Result "1/2-1/2"]
[WhiteElo "2661"]
[BlackElo "2453"]
[Annotator "TA"]
[PlyCount "63"]
[EventDate "2018.10.05"]
[EventType "swiss"]
[EventCountry "RUS"]
[SourceTitle "playchess.com"]
[Source "ChessBase"]
[SourceQuality "1"]

{[%evp 14,63,17,9,6,-25,-22,-28,6,11,22,4,23,27,56,57,42,20,31,16,25,22,20,15,4,14,43,0,0,-9,0,-38,-6,-12,0,0,0,-10,-11,-13,-7,-14,-15,-8,-4,-2,-2,-2,-2,-2,-2,-2]} 1. e4 d5 2. exd5 Qxd5 3. Nc3 Qd8 4. d4 c6 5. Bg5 Nf6 6. Qd2 {B01: Scandinavian Defence} (6. Nge2 Bg4 7. f3 Bf5 8. g4 Be6 9. Nf4 Qd6 10. Qe2 h6 11. Bxf6 exf6 12. Qe3 Nd7 13. O-O-O O-O-O {1-0 (28) Motylev,A (2665)-Usmanov,V (2443) Sochi 2017}) 6... Bf5 7. Nf3 e6 8. Nh4 {LiveBook: 3 Games} h6 9. Nxf5 $146 ({Predecessor:} 9. Bxf6 Qxf6 10. Nxf5 Qxf5 11. Bd3 Qa5 12. O-O Nd7 13. Qf4 Be7 {½-½ (21) Popovic,P (2555)-Vukovic,Z (2470) Tivat 1995}) 9... hxg5 10. Ne3 Bd6 11. g3 Nd5 12. Ne4 Nxe3 13. Qxe3 Qa5+ 14. c3 Be7 15. Bg2 Nd7 16. b4 Qf5 17. O-O g4 18. f3 Qh5 {[#] White must now prevent ...f5.} 19. fxg4 Qxh2+ 20. Kf2 {Strongly threatening Rh1.} Qh6 21. Qxh6 Rxh6 22. Rh1 (22. g5 {with more complications.} Rh8 23. a4 O-O-O 24. Rae1 Kc7 25. a5) 22... Nf6 23. Nxf6+ {The position is equal.} Rxf6+ 24. Ke2 Kd7 25. Rab1 Bd6 26. b5 Kc7 27. bxc6 (27. Rh7 {keeps more tension.} Rg8 28. Be4 Bxg3 29. g5 Rf4 30. Ke3) 27... bxc6 28. Rhf1 Bxg3 29. Rxf6 gxf6 30. Rb4 a5 31. Rc4 Ra6 32. d5 {Precision: White = 55%, Black = 56%.} 1/2-1/2

[Event "RUS-chT Rapid Men 2018"]
[Site "Sochi"]
[Date "2018.10.08"]
[Round "5"]
[White "Alekseenko, Kirill"]
[Black "Malakhov, Vladimir"]
[Result "1-0"]
[WhiteElo "2639"]
[BlackElo "2661"]
[Annotator "TA"]
[PlyCount "105"]
[EventDate "2018.10.05"]
[EventType "swiss"]
[EventCountry "RUS"]
[SourceTitle "playchess.com"]
[Source "ChessBase"]
[SourceQuality "1"]

{[%evp 9,105,0,29,34,48,43,37,47,45,35,50,38,35,39,40,29,32,34,31,31,64,61,71,69,79,79,87,91,88,68,63,58,92,90,79,88,95,95,95,95,95,95,95,95,95,95,95,87,87,87,87,87,87,87,87,87,87,87,107,87,87,0,107,87,107,87,87,87,87,87,87,87,87,87,87,87,87,87,114,129,129,56,59,8,127,108,145,68,7308,4039,29969,29969,29973,29977,29979,29980,29979,29981]} 1. d4 d5 2. Nc3 Nf6 3. Bf4 a6 4. e3 e6 5. g4 (5. Nf3 Be7 6. Bd3 c5 7. dxc5 Bxc5 8. O-O Nc6 9. e4 dxe4 10. Nxe4 Nxe4 11. Bxe4 Qxd1 12. Raxd1 {1-0 (22) Nisipeanu,L (2657)-Illescas Cordoba,M (2605) Barcelona 2018}) 5... Bd6 6. Qf3 $146 {D00: 1 d4 d5: Unusual lines} ({Predecessor:} 6. g5 Nfd7 7. Bxd6 cxd6 8. h4 Nc6 9. Bg2 Qb6 10. Rb1 h5 11. g6 f5 {1-0 (49) Hauge,L (2436)-Brown,M (2506) chess.com INT 2018}) 6... Bxf4 7. Qxf4 Qd6 8. Qxd6 {White is slightly better.} cxd6 9. g5 Nfd7 10. Bg2 h6 11. h4 hxg5 12. hxg5 Rxh1 13. Bxh1 Nc6 14. O-O-O b5 15. e4 dxe4 16. d5 $1 {[%cal Rd5c6]} exd5 17. Rxd5 Nc5 18. Rxd6 ({Reject} 18. Bxe4 Kd7 $11) 18... Bd7 19. Nxe4 Ke7 {White must now prevent ...Nxe4.} 20. Rd1 Nxe4 21. Bxe4 Rh8 22. Nf3 f6 23. gxf6+ gxf6 24. c3 Ne5 25. Nxe5 fxe5 26. Rh1 Rxh1+ 27. Bxh1 $16 {[%mdl 4096] Endgame KB-KB} a5 28. b4 axb4 29. cxb4 Kd6 30. Kd2 Be8 31. a3 Bd7 32. Be4 Be8 33. Ke3 Bd7 34. Bc2 Bc6 35. Be4 Bd7 $1 36. Kf3 Ke7 37. Kg3 Kf6 38. Kh4 Be8 39. Kg4 Bd7+ 40. Kh5 Be8+ 41. Kh6 Bf7 42. Bc2 Bd5 43. Kh5 e4 44. Kg4 Ke5 45. Kg5 (45. Kg3 $16) 45... Bc4 $14 46. Bd1 ({White must play} 46. a4 $1 $14 e3 47. fxe3 bxa4 48. Bxa4) 46... Bd3 (46... e3 $1 $11 {keeps the balance.} 47. fxe3 Ke4) 47. Bh5 Bb1 48. Bg6 (48. Kg4 $1 $16) 48... Bd3 $2 {[%mdl 8192] [#]} (48... Ba2 $14) 49. f3 $1 $18 {[%mdl 512]} Kd4 (49... exf3 50. Bxd3) 50. Bxe4 {White mates.} Bxe4 51. fxe4 Kxe4 {[#]} 52. Kf6 $1 {[%cal Rf6e6]} Kd5 {[#]} 53. Ke7 $1 {Precision: White = 58%, Black = 55%.} 1-0

[Event "RUS-chT Rapid Men 2018"]
[Site "Sochi"]
[Date "2018.10.08"]
[Round "5"]
[White "Rakhmanov, Aleksandr"]
[Black "Alexeev, Alexey"]
[Result "1-0"]
[WhiteElo "2634"]
[BlackElo "2287"]
[Annotator "TA"]
[PlyCount "43"]
[EventDate "2018.10.05"]
[EventType "swiss"]
[EventCountry "RUS"]
[SourceTitle "playchess.com"]
[Source "ChessBase"]
[SourceQuality "1"]

{[%evp 16,43,21,19,20,19,15,-12,0,-8,29,10,46,41,76,65,137,85,123,71,193,206,197,190,154,191,334,343,1137,1155]} 1. c4 {Ribli,Z} c5 2. Nc3 Nf6 3. Nf3 e6 4. e4 Nc6 5. Be2 e5 (5... d5 6. exd5 exd5 7. d4 cxd4 8. Nxd4 dxc4 9. Nxc6 Qxd1+ 10. Nxd1 bxc6 11. Bxc4 Bd6 12. O-O O-O 13. b3 Rd8 14. Bg5 h6 15. Bh4 Bf5 {1-0 (55) Andreikin,D (2712)-Grischuk,A (2772) Huaian 2017}) 6. d3 {A34: Symmetrical English: 2 Nc3, lines with ...d5} d6 7. a3 g6 8. O-O Bg7 9. b4 {LiveBook: 4 Games} b6 10. Bg5 $146 ({Predecessor:} 10. Nd5 h6 11. b5 Ne7 12. a4 a5 13. Bb2 {1-0 (42) Schlosser,P (2570)-Sokolov,A (2582) Mulhouse 2005 CBM 106 [Ribli,Z]}) 10... h6 11. Bh4 g5 12. Bg3 Ne7 13. h4 Nh5 14. hxg5 Nxg3 15. fxg3 Ng6 ({Better is} 15... hxg5 $14 16. Rb1 (16. Nxg5 Bh6 $11) 16... Be6) 16. Nd5 (16. Nh4 $142 $1) 16... Be6 17. bxc5 ({White should try} 17. Nh4) 17... bxc5 (17... dxc5 $16 18. gxh6 Bxh6) 18. Qa4+ $18 Kf8 {[#]} 19. Rab1 $1 hxg5 20. Rb7 g4 {[#]} (20... Nf4 $142) 21. Nh2 $1 Qg5 $2 {[#]} (21... Rh7 22. Nxg4 Rh8) 22. Qxa7 $1 {[%mdl 512] Precision: White = 73%, Black = 33%.} 1-0

[Event "RUS-chT Rapid Men 2018"]
[Site "Sochi"]
[Date "2018.10.08"]
[Round "5"]
[White "Lysyj, Igor"]
[Black "Bocharov, Dmitry"]
[Result "0-1"]
[WhiteElo "2631"]
[BlackElo "2557"]
[Annotator "TA"]
[PlyCount "68"]
[EventDate "2018.10.05"]
[EventType "swiss"]
[EventCountry "RUS"]
[SourceTitle "playchess.com"]
[Source "ChessBase"]
[SourceQuality "1"]

{[%evp 20,68,38,23,25,25,21,11,22,8,33,33,41,0,0,0,1,0,8,8,20,-37,-29,-31,-37,-39,-35,-39,-24,-60,-46,-65,0,-50,-27,0,0,-95,-83,-217,-55,-105,-90,-91,-81,-927,-912,-791,-483,-475,-462]} 1. d4 Nf6 2. c4 e6 3. Nf3 d5 4. g3 Bb4+ 5. Bd2 Be7 6. Bg2 O-O 7. O-O Nbd7 8. Qc2 {E11: Bogo-Indian} (8. b4 c6 9. a4 Bd6 10. Qc2 e5 11. cxd5 cxd5 12. dxe5 Nxe5 13. Bc3 Re8 14. Nbd2 Nxf3+ 15. Bxf3 Bh3 {½-½ (58) So,W (2778)-Karjakin,S (2782) Stavanger 2018}) 8... Ne4 9. Be3 Nd6 $146 ({Predecessor:} 9... c6 10. Nc3 f5 11. Nxe4 dxe4 12. Ne5 Bf6 13. Nxd7 Bxd7 14. Rad1 e5 15. Qb3 Qc7 {0-1 (55) Li,Z (2344)-Illingworth,M (2486) Canberra 2016}) 10. b3 c6 11. Rd1 {LiveBook: 3 Games} b6 12. Bf4 Bb7 13. Nbd2 f5 14. h4 Rc8 15. Ng5 Rf6 16. Rac1 h6 17. Ngf3 Rf8 18. Ne5 g5 19. hxg5 hxg5 20. Nxd7 ({White should try} 20. Be3 $1 $11) 20... Qxd7 $15 21. Be5 Nf7 22. Nf3 g4 $36 {[%mdl 2048] Black has good play.} 23. Ne1 $1 c5 24. Qb2 Nxe5 25. dxe5 f4 (25... Bg5 $15) 26. gxf4 (26. Qc2 $5 {[%cal Rc2g6]} Kg7 27. gxf4 $11) 26... Rxf4 27. e3 Rf7 28. Qe2 {[#]} (28. cxd5 $1 $11 g3 29. f4 exd5 30. Bf3) 28... Rcf8 $1 $17 29. Nd3 {[#]} (29. Qxg4+ $17 {was worth a try.} Rg7 30. Qh3) 29... Rg7 $2 ({Better is} 29... d4 $1 $19 {Hoping for ...Bxg2.} 30. Nf4 Rh7 31. Nxe6 Qxe6 32. Bxb7 Qxe5) 30. cxd5 exd5 31. Nf4 {[%cal Rf4d5]} g3 32. Rxd5 $2 {[%mdl 8192]} (32. fxg3 $17 Rxg3 33. Kh2) 32... gxf2+ $19 {Black is clearly winning.} 33. Qxf2 Qxd5 34. Nxd5 Bxd5 {Precision: White = 29%, Black = 45%.} ({Weaker is} 34... Rxf2 35. Kxf2 Bh4+ 36. Kf1 $17) 0-1

[Event "RUS-chT Rapid Men 2018"]
[Site "Sochi"]
[Date "2018.10.08"]
[Round "5"]
[White "Paravyan, David"]
[Black "Dudin, Gleb"]
[Result "1-0"]
[WhiteElo "2629"]
[BlackElo "2178"]
[Annotator "TA"]
[PlyCount "57"]
[EventDate "2018.10.05"]
[EventType "swiss"]
[EventCountry "RUS"]
[SourceTitle "playchess.com"]
[Source "ChessBase"]
[SourceQuality "1"]

{[%evp 17,56,26,16,0,0,-11,0,12,22,6,4,10,26,23,71,72,65,68,108,106,112,108,129,98,216,210,312,312,806,759,986,977,1381,1376,1496,1392,29979,1018,29986,29987,29999]} 1. d4 Nf6 2. c4 e6 3. g3 d5 4. Bg2 dxc4 5. Nf3 Bb4+ 6. Bd2 c5 {E04: Katalanisch} 7. Bxb4 cxb4 8. Ne5 O-O 9. O-O {[#]} Nc6 $1 {[%mdl 512] LiveBook: 4 Partien} 10. Nxc6 bxc6 11. a3 Qb6 12. axb4 Nd5 $146 ({Vorgänger:} 12... Qxb4 13. Qc2 Rb8 14. Rc1 Qxb2 15. Qxb2 Rxb2 {½-½ (22) Bareev,E (2634)-Grachev,B (2652) St Petersburg 2009}) 13. Na3 Qxb4 14. Qc2 Ba6 15. Rfc1 {[%cal Ra3c4]} Nb6 16. Bxc6 Rac8 17. Be4 $36 {[%mdl 2048] Weiss steht aktiver.} g6 18. Nb1 Bb5 19. Rxa7 Rfd8 20. e3 e5 (20... Nd5 $16) 21. dxe5 $18 {[%cal Bd4e5,Be5e6,Be6f7][%mdl 32]} Na4 (21... Bd7 $142 22. Qc3 Qb3) 22. e6 Nxb2 $2 (22... Qxb2 23. exf7+ Kf8 24. Rxa4 Qxc2 25. Bxc2 Bxa4 26. Bxa4 Kxf7) 23. exf7+ Kf8 24. Nc3 Bc6 25. Bxc6 Rxc6 26. Qe4 {[#] Droht Matt per De5.} Rf6 27. Rb7 (27. Qh4 $142 Rxf7 28. Qxd8+ Kg7 29. Qd4+ Kg8 30. Rca1 Qf8 31. Ra8 Nd3 32. Rxf8+ Rxf8 33. Ra7) 27... Qa3 28. Qh4 {[%cal Rh4h6]} Nd3 29. Qh6# {Precision: Weiß = 73%, Schwarz =  7%.} 1-0

[Event "RUS-chT Rapid Men 2018"]
[Site "Sochi"]
[Date "2018.10.08"]
[Round "5"]
[White "Grachev, Boris"]
[Black "Alekseev, Evgeny"]
[Result "1/2-1/2"]
[WhiteElo "2626"]
[BlackElo "2620"]
[Annotator "TA"]
[PlyCount "123"]
[EventDate "2018.10.05"]
[EventType "swiss"]
[EventCountry "RUS"]
[SourceTitle "playchess.com"]
[Source "ChessBase"]
[SourceQuality "1"]

{[%evp 16,123,10,-42,-37,-34,-31,-33,-34,-39,-23,-26,0,-6,10,-15,0,-15,-20,-27,-23,-41,-38,-145,-56,-104,-104,-118,-121,-120,-94,-87,-89,-93,-82,-85,-65,-89,-93,-71,-38,-41,-23,-33,-29,-40,-27,-35,-27,-35,-45,-27,-36,-59,-52,-36,-29,-32,-23,-89,-90,-104,-102,-103,-101,-102,-94,-125,-108,-115,-103,-106,-104,-106,-95,-110,-103,-104,0,-103,-92,-118,-118,-125,-125,-125,-125,-125,-125,-121,-73,-612,-596,-29970,-29973,-29972,-132,-29940,-132,-29945,-29941,-5987,-121,-121,-121,-121,0,-121,0,-121]} 1. Nf3 c5 2. e3 Nf6 3. b3 g6 4. Bb2 Bg7 5. c4 O-O 6. Be2 b6 7. O-O Bb7 8. Qc2 Nc6 9. a3 (9. d4 $11) 9... d5 {A30: Symmetrical English: Double Fianchetto and Hedgehog} (9... e6 10. d4 cxd4 11. exd4 d5 12. c5 bxc5 13. dxc5 d4 14. Nbd2 Nd5 15. Nc4 Rb8 16. Nd6 Ba8 17. Rfd1 {0-1 (38) Hera,I (2510)-Cvitan,O (2529) Rijeka 2006}) 10. cxd5 Qxd5 11. Nc3 Qd6 $146 {Black is slightly better.} ({Predecessor:} 11... Qd7 12. Rfd1 e5 13. d3 a5 14. Rac1 Rac8 15. Na4 Qc7 16. d4 cxd4 17. exd4 {½-½ (51) Tammela,K (2181)-Vuorisalo,V (2154) Finland 2010}) 12. Rac1 Rac8 13. Qb1 Qb8 14. Rfd1 Rfd8 15. h3 Ne5 16. Nxe5 Qxe5 17. Bf1 Ne4 18. d3 Ng5 19. Be2 (19. Qc2 $15) 19... h5 (19... Qe6 $1 $17 20. Na2 Bxg2 $1 {[%mdl 512]} 21. Kxg2 Qxh3+ 22. Kg1 Rd5) 20. Ba1 Qf5 {Strongly threatening ...Bxg2!} 21. e4 Qf4 22. Nb5 a6 23. Bxg7 Kxg7 24. Nc3 Ne6 25. Bf1 Qe5 26. Ne2 a5 27. b4 axb4 28. axb4 Ba6 29. bxc5 bxc5 30. Nc3 Rb8 31. Qa1 Bb7 $36 {[%mdl 2048] Black has some pressure.} 32. Na4 Qxa1 33. Rxa1 Bc6 34. Rdc1 Bxa4 35. Rxa4 h4 36. Ra2 Rb4 37. Be2 {[#]} (37. g3 $11) 37... Nf4 $1 $17 38. Rxc5 Rb1+ ({Reject} 38... Nxd3 39. Bxd3 Rxd3 40. f3 $11) 39. Kh2 Nxe2 40. Rxe2 Rxd3 {[%mdl 4096] Endgame KRR-KRR} 41. Rd5 Rc3 42. g3 hxg3+ 43. fxg3 Rbb3 44. Rg2 Re3 45. Rd4 Rb5 46. Rf2 Rbb3 47. Rg2 Rb6 48. Rf2 Re6 49. Rf4 g5 50. Rg4 {[#]} Re2+ $1 51. Kg1 f6 52. Kf1 Rc2 {aiming for ...Ra6.} 53. Ke1 $2 {[%mdl 8192]} (53. h4 $17) 53... Ra6 $19 {( -> ...Raa2)} 54. Rd2 Rxd2 55. Kxd2 {KR-KR} Ra5 $2 (55... Ra2+ 56. Kd3 e5 57. Kc4 Kg6 58. Kd5 Rh2 59. h4 Kh5 60. Rxg5+ fxg5 61. hxg5 Kxg5 62. Kxe5 Rg2 63. Kd6 Rxg3 64. Ke5 Re3 65. Kd5 Kf4 66. e5 Rxe5+ 67. Kd4 Rh5 68. Kd3 Rd5+ 69. Kc4 Ke4 70. Kc3 Rd4 71. Kc2 Rd3 72. Kb2 Ke3 73. Kc1 Rc3+ 74. Kb1 Kd2 75. Kb2 Rd3 76. Kb1 Kc3 77. Kc1 Kb3 78. Kb1 Rd1#) 56. Ke3 $2 {[%mdl 8192]} (56. e5 $17) 56... Kg6 $2 (56... Ra4 {mates} 57. e5 Ra3+ 58. Kf2 Ra1 59. exf6+ Kxf6 60. Rb4 Ra3 61. Re4 e5 62. Re3 Ra4 63. Rb3 Ke6 64. Kf3 Kd5 65. Rb5+ Kd4 66. Kg4 Ra8 67. Rb4+ Kd3 68. Kf5 e4 69. Rb3+ Kd4 70. Rb4+ Kd5 71. Kg4 Rf8 72. Rb7 Kd4 73. Re7 Rg8 74. Rd7+ Ke3 75. Ra7 Re8 76. Ra5 Kd3 77. Ra3+ Kc4 78. Ra2 Kd3 79. Ra3+ Kd2 80. Ra2+ Kd3 81. Ra3+) 57. Kf2 $2 {[%mdl 8192]} (57. e5 $17) 57... Ra2+ 58. Kg1 Re2 $2 (58... Ra4 $19 {is more deadly. White must now prevent ...Kh5.} 59. Kf2 Kh5) 59. Kh1 $17 Kf7 60. Kg1 Kg6 61. Kh1 $1 Kf7 62. Kg1 $1 {Precision: White = 40%, Black = 47%.} 1/2-1/2

[Event "RUS-chT Rapid Men 2018"]
[Site "Sochi"]
[Date "2018.10.08"]
[Round "5"]
[White "Romanov, Evgeny"]
[Black "Zvjaginsev, Vadim"]
[Result "1/2-1/2"]
[WhiteElo "2614"]
[BlackElo "2644"]
[Annotator "TA"]
[PlyCount "50"]
[EventDate "2018.10.05"]
[EventType "swiss"]
[EventCountry "RUS"]
[SourceTitle "playchess.com"]
[Source "ChessBase"]
[SourceQuality "1"]

{[%evp 17,50,5,8,14,53,54,68,0,11,16,30,16,32,14,39,25,76,23,43,34,58,32,51,30,17,24,30,0,4,-15,0,-18,4,-14,0]} 1. d4 c5 2. d5 d6 3. e4 Nf6 4. Nc3 g6 5. Bb5+ Bd7 6. a4 {[%cal Ba2a4,Ba4a5][%mdl 32]} Bg7 7. Nf3 {[%cal Bg1f3,Bf3d2,Bd2c4][%mdl 32]} O-O 8. Nd2 {A43: Schmid Benoni} (8. O-O Bg4 9. Re1 Na6 10. h3 Bxf3 11. Qxf3 Nc7 12. Bf1 a6 13. Bd2 Nd7 14. a5 e6 15. Na4 Nb5 16. c3 Re8 17. dxe6 fxe6 18. Qd1 Qc7 19. Qb3 Qc6 20. Bc4 {1-0 (52) Bosiocic,M (2597)-Kislinsky,A (2516) Tsaghkadzor 2017}) 8... e6 9. O-O exd5 {LiveBook: 3 Games} 10. exd5 Bf5 11. a5 Na6 $146 ({Predecessor:} 11... Nbd7 12. Nc4 Ne5 13. Nxe5 dxe5 14. a6 Bc8 15. Be3 Qb6 16. b4 Ne4 17. Nxe4 Qxb5 18. Nd6 Qxb4 19. axb7 {1-0 (19) Colovic,A (2439)-Acosta Sosa,J (2294) Isla de la Palma 2018}) 12. Bxa6 (12. Nc4 $14) 12... bxa6 $11 13. Nc4 Rb8 14. Bf4 Rb4 15. b3 Re8 16. Rc1 h6 (16... Nh5 $11 {keeps the balance.} 17. Bd2 Rb8) 17. Re1 (17. Qd2 $16) 17... g5 18. Bg3 Rxe1+ 19. Qxe1 Bf8 20. Qe2 Bg6 21. h3 Rb7 22. Qf3 Bh5 {The position is equal.} 23. Qf5 Bg6 24. Qf3 Bh5 25. Qf5 Bg6 {Precision: White = 51%, Black = 31%.} 1/2-1/2